[Event "23. OSREDNJA SLOVENSKA LIGA 2022"]
[Site "gostovanja"]
[Date "2022.10.20"]
[Round "5.2"]
[White "Skok, Boris"]
[Black "Praznik, Anton"]
[Result "0-1"]
[WhiteElo "1897"]
[BlackElo "2096"]
[PlyCount "114"]
[EventDate "2022.10.20"]
[WhiteTeam "SD CRNI GRABEN"]
[BlackTeam "SD VRHNIKA"]

1. d4 Nf6 2. c4 c5 3. d5 g6 4. Nc3 d6 5. Nf3 Bg7 6. h3 O-O 7. e4 e6 8. Bd3 exd5
9. cxd5 Bd7 10. Bf4 Qc7 11. Nd2 Re8 12. O-O Na6 13. Nc4 Bf8 14. Re1 b5 15. Nd2
c4 16. Bf1 Nc5 17. b4 Nd3 18. Bxd3 cxd3 19. Rc1 Rac8 20. Re3 a5 21. a3 axb4 22.
axb4 Nh5 23. Bh2 Bh6 24. Rxd3 Nf6 25. f3 Qb6+ 26. Kh1 Nh5 27. Bg1 Qd8 28. Ne2
Rxc1 29. Qxc1 f5 30. Be3 Bxe3 31. Rxe3 Qh4 32. Nf1 fxe4 33. Nh2 Nf6 34. Ng1 Qg5
35. Qe1 Qxd5 36. Ng4 Nxg4 37. hxg4 Bc6 38. f4 Qe6 39. g5 Qg4 40. Ne2 Qe6 41.
Qd2 d5 42. Nd4 Qd6 43. Rc3 Bd7 44. Qe3 Qxb4 45. Rc7 Qd6 46. Rb7 b4 47. Nb3 Bc6
48. Ra7 Qd8 49. Qd4 Re7 50. Qf6 Rd7 51. Qe6+ Kf8 52. Ra6 Bb7 53. Nc5 Bxa6 54.
Nxd7+ Kg7 55. Qf6+ Qxf6 56. gxf6+ Kf7 57. Kg1 b3 0-1

[Event "23. OSREDNJA SLOVENSKA LIGA 2022"]
[Site "gostovanja"]
[Date "2022.10.20"]
[Round "5.3"]
[White "Vodnik, Val"]
[Black "Majcen, Zoran"]
[Result "1/2-1/2"]
[WhiteElo "1341"]
[BlackElo "1816"]
[PlyCount "146"]
[EventDate "2022.10.20"]
[WhiteTeam "SD VRHNIKA"]
[BlackTeam "SD CRNI GRABEN"]

1. d4 d5 2. c4 e5 3. dxe5 d4 4. Nf3 Nc6 5. g3 Be6 6. Qa4 Qd7 7. Nbd2 Nge7 8.
Bg2 d3 9. exd3 Qxd3 10. Qb3 Qxb3 11. axb3 Nb4 12. O-O Nec6 13. Ng5 Bf5 14.
Bxc6+ Nxc6 15. Re1 Be7 16. Ndf3 h6 17. Ne4 Nb4 18. Nd4 Bh3 19. f4 a6 20. Bd2
O-O 21. Nf2 Bd7 22. Bxb4 Bxb4 23. Red1 Rad8 24. Nc2 Bc5 25. b4 Be7 26. c5 Bc8
27. Nd4 Rd5 28. Rd2 Rfd8 29. Rad1 Kf8 30. Nf3 Rxd2 31. Rxd2 Rxd2 32. Nxd2 f6
33. Nf3 Kf7 34. Kf1 Be6 35. Ke2 b6 36. exf6 gxf6 37. Ne4 Bd5 38. Nfd2 Bc6 39.
g4 Ke6 40. Ke3 f5 41. gxf5+ Kxf5 42. h3 Bf8 43. Ng3+ Ke6 44. Nge4 Bg7 45. b3
Bb2 46. cxb6 cxb6 47. Nc4 Bc1+ 48. Kf3 b5 49. Ne5 Bd5 50. Nd3 Ba3 51. Ke3 Kf5
52. Nec5 h5 53. Nxa6 Bxb3 54. Kf3 Bc4 55. Nac5 h4 56. Ke3 Bd5 57. Kf2 Bc4 58.
Ke3 Bd5 59. Kf2 Ba8 60. Kf1 Bxb4 61. Nxb4 Kxf4 62. Ncd3+ Kg3 63. Nf2 Bg2+ 64.
Kg1 Bb7 65. Nc2 Kf4 66. Nd3+ Kg3 67. Nf2 Bc8 68. Nb4 Kf3 69. Nc2 Bd7 70. Kf1
Kg3 71. Kg1 Kf4 72. Nd3+ Kg3 73. Nf2 Kf4 1/2-1/2

[Event "23. OSREDNJA SLOVENSKA LIGA 2022"]
[Site "gostovanja"]
[Date "2022.10.20"]
[Round "5.1"]
[White "Lanjscek, Miha"]
[Black "Olenik Campa, Rudi"]
[Result "0-1"]
[WhiteElo "1805"]
[BlackElo "2151"]
[PlyCount "58"]
[EventDate "2022.10.20"]
[WhiteTeam "SK TRZIN PEKOS PUB"]
[BlackTeam "SK LJUBLJANA"]

1. d4 Nf6 2. Nf3 g6 3. g3 Bg7 4. c4 O-O 5. Bg2 d6 6. O-O Nc6 7. Nc3 e5 8. d5
Nb8 9. e4 a5 10. Bg5 h6 11. Bxf6 Bxf6 12. Qd2 Bg7 13. Ne1 Na6 14. Nd3 b6 15. f4
exf4 16. Nxf4 Nc5 17. Rae1 Bd7 18. Nd3 h5 19. a3 h4 20. Nxc5 bxc5 21. Ne2 hxg3
22. Nxg3 a4 23. Rf3 Rb8 24. Rb1 Qh4 25. Ne2 Be5 26. h3 Qxe4 27. Rff1 Qxc4 28.
Nc3 Qh4 29. Qe3 Bd4 0-1

[Event "23. OSREDNJA SLOVENSKA LIGA 2022"]
[Site "gostovanja"]
[Date "2022.10.20"]
[Round "5.2"]
[White "Sfiligoj, Anze"]
[Black "Konvalinka, Kostja"]
[Result "0-1"]
[WhiteElo "1716"]
[BlackElo "1672"]
[PlyCount "34"]
[EventDate "2022.10.20"]
[WhiteTeam "SK LJUBLJANA"]
[BlackTeam "SK TRZIN PEKOS PUB"]

1. e4 c5 2. Nf3 d6 3. d4 cxd4 4. Nxd4 Nf6 5. Nc3 g6 6. f3 Bg7 7. Be3 O-O 8. Bc4
Nc6 9. Qd2 Nxd4 10. Bxd4 Be6 11. Bb3 Qa5 12. Bxe6 fxe6 13. O-O-O Rfc8 14. Kb1
Rc4 15. h4 Nxe4 16. Qe2 Rxd4 17. Rxd4 Nxc3+ 0-1

[Event "23. OSREDNJA SLOVENSKA LIGA 2022"]
[Site "gostovanja"]
[Date "2022.10.20"]
[Round "5.3"]
[White "Offerman, Sebastijan"]
[Black "Tansek, Branko"]
[Result "1-0"]
[WhiteElo "1000"]
[BlackElo "1514"]
[PlyCount "71"]
[EventDate "2022.10.20"]
[WhiteTeam "SK TRZIN PEKOS PUB"]
[BlackTeam "SK LJUBLJANA"]

1. d4 Nf6 2. c4 e6 3. Nc3 Bb4 4. Nf3 a5 5. Bg5 h6 6. Bh4 d5 7. e3 c6 8. Rc1 O-O
9. Qc2 Be7 10. Be2 dxc4 11. Bxc4 Nd5 12. Bg3 Nd7 13. O-O Nxc3 14. bxc3 Nf6 15.
h3 Bd6 16. Ne5 Qc7 17. a4 Nd7 18. Nxd7 Bxd7 19. Bxd6 Qxd6 20. Rb1 Rab8 21. Rb6
Qc7 22. Rfb1 Rfe8 23. Qb3 Bc8 24. Ba6 Re7 25. c4 Qd7 26. c5 Qc7 27. Be2 e5 28.
Bf3 e4 29. Be2 Kf8 30. d5 cxd5 31. Qxd5 Be6 32. Qxe4 Ba2 33. Qh7 f6 34. Qh8+
Kf7 35. Bh5+ g6 36. Rxf6# 1-0

[Event "23. OSREDNJA SLOVENSKA LIGA 2022"]
[Site "gostovanja"]
[Date "2022.10.20"]
[Round "5.4"]
[White "Glavac, Leo"]
[Black "Filipic, Dusan"]
[Result "1-0"]
[WhiteElo "1298"]
[BlackElo "1397"]
[PlyCount "121"]
[EventDate "2022.10.20"]
[WhiteTeam "SK LJUBLJANA"]
[BlackTeam "SK TRZIN PEKOS PUB"]

1. e4 d6 2. d4 g6 3. c4 Bg7 4. Be3 Bd7 5. Nc3 a6 6. Nf3 e6 7. Qd2 Ne7 8. Bh6
Bf8 9. Bxf8 Rxf8 10. Qh6 Ng8 11. Qxh7 Nc6 12. O-O-O Qe7 13. Bd3 O-O-O 14. d5
Na7 15. Qh4 f6 16. Rhe1 Qg7 17. Nd2 e5 18. Nb3 b6 19. f4 Nh6 20. fxe5 fxe5 21.
Rf1 Rh8 22. Qg3 Kb8 23. h3 Rdg8 24. Qg5 Nc8 25. Rf3 Nf7 26. Qe3 Rh5 27. Rdf1
Nh6 28. g4 Rh4 29. Qg5 Qe7 30. Qxe7 Nxe7 31. g5 Rh8 32. gxh6 R8xh6 33. Rf7 Bxh3
34. Rg1 Nc8 35. Rf6 Bg4 36. Kd2 Bh5 37. Be2 Rf4 38. Rxf4 exf4 39. Bxh5 gxh5 40.
Nd4 Ne7 41. Ne6 Ng6 42. Ne2 f3 43. N2d4 Ne5 44. b3 f2 45. Rh1 Rf6 46. Nf5 Rg6
47. Rf1 Rg2 48. Ke2 Ng4 49. Ne3 Rh2 50. Nxg4 hxg4 51. Nf4 g3 52. Kf3 Rh8 53.
Kxg3 c6 54. Rxf2 cxd5 55. exd5 Rg8+ 56. Kf3 Rh8 57. Re2 a5 58. Ke3 Kc7 59. Kd3
Kd7 60. Kc2 Rc8 61. Kb2 {nejasno (74)} 1-0

[Event "23. OSREDNJA SLOVENSKA LIGA 2022"]
[Site "gostovanja"]
[Date "2022.10.20"]
[Round "5.1"]
[White "Mihelic, Vesna"]
[Black "Kirasic, Branko"]
[Result "1-0"]
[WhiteElo "2031"]
[BlackElo "1938"]
[PlyCount "151"]
[EventDate "2022.10.20"]
[WhiteTeam "SK MENGES-TRZIN 1"]
[BlackTeam "SK VISNJA GORA - STICNA"]

1. e4 c5 2. Nf3 a6 3. d4 cxd4 4. Nxd4 e5 5. Nf3 Nf6 6. Bc4 Be7 7. O-O Qc7 8.
Bb3 d6 9. Nc3 Bg4 10. Bg5 Nbd7 11. h3 Be6 12. Bxf6 Nxf6 13. Nd5 Bxd5 14. Bxd5
Nxd5 15. Qxd5 Rc8 16. Rfd1 O-O 17. c3 Qb6 18. Rd2 Rfd8 19. Rad1 Rc5 20. Qd3 g6
21. Qe3 Qc7 22. Ne1 a5 23. Qg3 Rc4 24. Qf3 b5 25. Nc2 b4 26. Ne3 bxc3 27. Rc2
Rd4 28. Rxc3 Rxd1+ 29. Qxd1 Qd7 30. Nd5 Qe6 31. Qa4 f5 32. Rc7 Bf8 33. Qb3 Kh8
34. exf5 gxf5 35. Qb7 Qg6 36. Rf7 Bg7 37. Qe7 Rg8 38. Ne3 Bh6 39. Qf6+ Qxf6 40.
Rxf6 Bxe3 41. fxe3 Rb8 42. b3 a4 43. bxa4 Rb1+ 44. Kh2 Rb4 45. Rxd6 Rxa4 46.
Rd2 Re4 47. Rd3 f4 48. exf4 Rxf4 49. Kg3 Ra4 50. a3 Kg7 51. Rf3 Kg6 52. Kf2 Kg5
53. Rb3 Kf5 54. Ke2 Re4+ 55. Kd2 Ra4 56. Kc2 Rc4+ 57. Rc3 Rd4 58. Rd3 Ra4 59.
Kb3 Ke4 60. Rd7 Ra6 61. Rxh7 Ke3 62. g4 e4 63. g5 Kf4 64. h4 e3 65. Re7 Rb6+
66. Kc4 Ra6 67. Kb4 Rd6 68. a4 Rd4+ 69. Kb5 Re4 70. Rxe4+ Kxe4 71. g6 e2 72. g7
e1=Q 73. g8=Q Qb1+ 74. Kc5 Qa1 75. Qg4+ Ke5 76. Qg7+ 1-0

[Event "23. OSREDNJA SLOVENSKA LIGA 2022"]
[Site "gostovanja"]
[Date "2022.10.20"]
[Round "5.2"]
[White "Jancigaj, Saso Valentin"]
[Black "Sedlar, Tomo"]
[Result "0-1"]
[WhiteElo "1706"]
[BlackElo "1831"]
[PlyCount "113"]
[EventDate "2022.10.20"]
[WhiteTeam "SK VISNJA GORA - STICNA"]
[BlackTeam "SK MENGES-TRZIN 1"]

1. f4 d5 2. Nf3 Bf5 3. d4 Nf6 4. e3 e6 5. Nbd2 Nbd7 6. c3 Bd6 7. Be2 O-O 8. O-O
Ne4 9. Nxe4 Bxe4 10. Bd3 Nf6 11. Qc2 c5 12. Ng5 Bxd3 13. Qxd3 h6 14. Nf3 Ne4
15. Bd2 Qb6 16. Qc2 Rac8 17. Rad1 Rc7 18. Bc1 Rfc8 19. Nh4 Be7 20. Nf3 Bf6 21.
Qe2 Qa5 22. a3 Kh7 23. Nd2 Nxd2 24. Qxd2 Qb5 25. f5 Bg5 26. fxe6 fxe6 27. Qc2+
Kg8 28. Qg6 Qe8 29. Qd3 Qh5 30. Rf3 c4 31. Qe2 Rf7 32. Rf2 Qg6 33. Rxf7 Kxf7
34. Rf1+ Bf6 35. h4 Ke7 36. Rf4 e5 37. dxe5 Bxe5 38. Rg4 Qb1 39. Qe1 Qf5 40.
Qe2 Qb1 41. Qe1 Re8 42. e4 Kf7 43. Qf1+ Kg8 44. exd5 Rf8 45. Qe1 Re8 46. Qd2
Rf8 47. d6 Qf5 48. Qe2 Bxd6 49. Rxc4 Kh8 50. b4 Qb1 51. Qd2 Bb8 52. Rd4 Qf5 53.
Qe1 b5 54. Re4 a6 55. Qe2 Qf6 56. Rd4 Ba7 57. g3 {nejasno (88)} 0-1

[Event "23. OSREDNJA SLOVENSKA LIGA 2022"]
[Site "gostovanja"]
[Date "2022.10.20"]
[Round "5.3"]
[White "Veskovic, Dzemal"]
[Black "Kamensek, Ivan"]
[Result "1-0"]
[WhiteElo "1860"]
[BlackElo "1729"]
[PlyCount "72"]
[EventDate "2022.10.20"]
[WhiteTeam "SK MENGES-TRZIN 1"]
[BlackTeam "SK VISNJA GORA - STICNA"]

1. e4 c5 2. Nc3 Nc6 3. Nf3 d6 4. h3 g6 5. d4 cxd4 6. Nxd4 Bg7 7. Be3 a6 8. Nxc6
bxc6 9. Bd4 e5 10. Be3 Be6 11. Be2 Ne7 12. O-O O-O 13. Qd2 f5 14. Bh6 f4 15.
Bxg7 Kxg7 16. Bf3 Ra7 17. b3 g5 18. Rad1 Rd7 19. Qe2 a5 20. Na4 Ng6 21. Bg4 Qe7
22. Bxe6 Qxe6 23. Qg4 Qe7 24. Nc5 Rfd8 25. Nxd7 Rxd7 26. c4 Nh4 27. g3 Ng6 28.
Rd3 Nf8 29. h4 h6 30. hxg5 hxg5 31. gxf4 exf4 32. Qf5 Qf6 33. Qxf6+ Kxf6 34.
Rfd1 Ke5 35. f3 Ne6 36. Kg2 Nd4 1-0

[Event "23. OSREDNJA SLOVENSKA LIGA 2022"]
[Site "gostovanja"]
[Date "2022.10.20"]
[Round "5.4"]
[White "Zunic, Bostjan"]
[Black "Simicak, Metod"]
[Result "0-1"]
[WhiteElo "1487"]
[BlackElo "1706"]
[PlyCount "90"]
[EventDate "2022.10.20"]
[WhiteTeam "SK VISNJA GORA - STICNA"]
[BlackTeam "SK MENGES-TRZIN 1"]

1. e4 e5 2. Nf3 Nf6 3. Nc3 Bb4 4. Bd3 O-O 5. O-O Re8 6. a3 Bxc3 7. dxc3 d5 8.
Bg5 Qd6 9. Bxf6 Qxf6 10. Nd2 Be6 11. Qf3 Nd7 12. exd5 Qxf3 13. Nxf3 Bxd5 14.
Ng5 h6 15. Ne4 f5 16. Ng3 g6 17. b4 Rad8 18. c4 Bf7 19. h3 e4 20. Be2 Ne5 21.
c5 Rd2 22. Bb5 c6 23. Ba4 Bc4 24. Rfd1 Red8 25. Rxd2 Rxd2 26. Nf1 Bxf1 27. Kxf1
Kg7 28. Ke1 e3 29. fxe3 Rxg2 30. Kf1 Rh2 31. Ra2 Rxh3 32. Kf2 Ng4+ 33. Ke2
Rxe3+ 34. Kd2 f4 35. c4 Ne5 36. b5 Nxc4+ 37. Kd1 Rxa3 38. Rxa3 Nxa3 39. bxc6
bxc6 40. Bxc6 Kf6 41. Bd7 Ke7 42. c6 Kd6 43. Ke2 Nc4 44. Kf3 Ne5+ 45. Kxf4 Nxd7
0-1

[Event "23. OSREDNJA SLOVENSKA LIGA 2022"]
[Site "gostovanja"]
[Date "2022.10.20"]
[Round "5.1"]
[White "Mlacnik, Janez"]
[Black "Keber, Aljosa"]
[Result "0-1"]
[WhiteElo "1803"]
[BlackElo "1548"]
[PlyCount "60"]
[EventDate "2022.10.20"]
[WhiteTeam "KPSRD KAREL JERAJ"]
[BlackTeam "SK KOMENDA POGI"]

1. e4 c5 2. Nf3 d6 3. d4 cxd4 4. c3 Nf6 5. Bd3 dxc3 6. Nxc3 e6 7. O-O Be7 8.
Qe2 Nc6 9. Rd1 e5 10. Bc4 Be6 11. Nd5 O-O 12. Nxe7+ Qxe7 13. Bg5 Rfd8 14. Rac1
Bxc4 15. Qxc4 Qe6 16. Qb5 Rd7 17. Bxf6 Qxf6 18. Rc3 Rad8 19. Rcd3 Qe6 20. g3 a6
21. Qb6 Qc4 22. Qe3 d5 23. b3 Qb5 24. a4 Qa5 25. Kf1 d4 26. Qe1 Qxe1+ 27. Kxe1
f6 28. Rc1 Nb4 29. Rdd1 Na2 30. Ra1 Nc3 0-1

[Event "23. OSREDNJA SLOVENSKA LIGA 2022"]
[Site "gostovanja"]
[Date "2022.10.20"]
[Round "5.2"]
[White "Cimperman, Teo"]
[Black "Kutin, Dusan"]
[Result "0-1"]
[WhiteElo "1433"]
[BlackElo "1776"]
[PlyCount "108"]
[EventDate "2022.10.20"]
[WhiteTeam "SK KOMENDA POGI"]
[BlackTeam "KPSRD KAREL JERAJ"]

1. e4 e6 2. Nf3 c5 3. d4 cxd4 4. Nxd4 Nc6 5. Be3 a6 6. Be2 Nf6 7. Nc3 Bb4 8. f3
O-O 9. Qd2 d5 10. Nxc6 bxc6 11. e5 Nd7 12. f4 c5 13. a3 Ba5 14. Bxc5 Nxc5 15.
b4 Nb7 16. bxa5 Qxa5 17. O-O Nc5 18. Rf3 Bb7 19. Rh3 Na4 20. Qd3 g6 21. Nxa4
Qxa4 22. Rf1 f5 23. Rh6 Rf7 24. g4 Rc8 25. Bd1 Qe4 26. Qxe4 fxe4 27. h4 Rcf8
28. f5 exf5 29. e6 Re7 30. gxf5 Kg7 31. f6+ Rxf6 32. Rxf6 Kxf6 33. h5 Kg7 34.
hxg6 Kxh6 35. gxh7 Kxh7 36. Kf2 Rxe6 37. Bg4 Rc6 38. Ke3 Rc3+ 39. Kd4 Rxa3 40.
c4 dxc4 41. Kxc4 Kg6 42. Kb4 Rd3 43. Be2 Rd8 44. Ka5 e3 45. Kb6 Rd2 46. Bg4 Kg5
47. Be6 Rd6+ 48. Ka7 Rxe6 49. Kb8 e2 50. Ka7 e1=Q 51. Kb8 Bh1 52. Ka7 Qe3+ 53.
Kb8 Qb6+ 54. Kc8 Qc6+ 0-1

[Event "23. OSREDNJA SLOVENSKA LIGA 2022"]
[Site "gostovanja"]
[Date "2022.10.20"]
[Round "5.3"]
[White "Vertacnik, Viktor"]
[Black "Macek, Inti"]
[Result "0-1"]
[WhiteElo "1600"]
[BlackElo "1242"]
[PlyCount "52"]
[EventDate "2022.10.20"]
[WhiteTeam "KPSRD KAREL JERAJ"]
[BlackTeam "SK KOMENDA POGI"]

1. e4 e5 2. Nf3 Nc6 3. Bc4 Bc5 4. c3 Nf6 5. d3 d6 6. O-O Bg4 7. h3 Bh5 8. Nbd2
O-O 9. Re1 Bb6 10. a4 a5 11. Nf1 Kh8 12. Ng3 Bg6 13. Nh4 Nd7 14. Nxg6+ fxg6 15.
Be3 Bxe3 16. Rxe3 Qe7 17. Bb5 Nd8 18. Bxd7 Qxd7 19. Rf3 Ne6 20. Rxf8+ Rxf8 21.
Nf1 Qf7 22. Qe2 Nf4 23. Qe3 Qf6 24. Nd2 Qg5 25. g4 Qh4 26. Kh2 Nxh3 0-1

[Event "23. OSREDNJA SLOVENSKA LIGA 2022"]
[Site "gostovanja"]
[Date "2022.10.20"]
[Round "5.4"]
[White "Babarovic, Fran"]
[Black "Cizman, Gregor"]
[Result "1-0"]
[WhiteElo "1172"]
[BlackElo "1521"]
[PlyCount "37"]
[EventDate "2022.10.20"]
[WhiteTeam "SK KOMENDA POGI"]
[BlackTeam "KPSRD KAREL JERAJ"]

1. e4 c6 2. d4 d5 3. Nc3 dxe4 4. Nxe4 Bf5 5. Ng3 Bg6 6. h4 h6 7. Bd3 Bxd3 8.
Qxd3 e6 9. Nf3 Nd7 10. Be3 Ngf6 11. O-O-O Qc7 12. c3 Bd6 13. Ne2 O-O-O 14. Qc2
Ng4 15. c4 Nxe3 16. fxe3 Nf6 17. e4 Bf4+ 18. Kb1 h5 19. e5 1-0

[Event "23. OSREDNJA SLOVENSKA LIGA 2022"]
[Site "gostovanja"]
[Date "2022.10.27"]
[Round "6.1"]
[White "Olenik Campa, Rudi"]
[Black "Coklin, Marko"]
[Result "1-0"]
[WhiteElo "2151"]
[BlackElo "2159"]
[PlyCount "59"]
[EventDate "2022.10.27"]
[WhiteTeam "SK LJUBLJANA"]
[BlackTeam "SK TRZIN BUSCOTRADE"]

1. e4 c5 2. Nf3 Nc6 3. Bb5 g6 4. Bxc6 dxc6 5. d3 Bg7 6. O-O Nf6 7. a4 a5 8. Bd2
Bg4 9. Bc3 O-O 10. h3 Bxf3 11. Qxf3 Nd7 12. Bxg7 Kxg7 13. Qe3 e5 14. Na3 Qc7
15. f4 exf4 16. Rxf4 Qe5 17. c3 Rae8 18. Nc4 Qc7 19. Raf1 b6 20. Rh4 h5 21.
Rxh5 Rh8 22. Rxh8 Rxh8 23. e5 Re8 24. d4 cxd4 25. cxd4 f5 26. Qg5 Qd8 27. Rxf5
Qxg5 28. Rxg5 Rb8 29. e6 Nf6 30. Ne5 1-0

[Event "23. OSREDNJA SLOVENSKA LIGA 2022"]
[Site "gostovanja"]
[Date "2022.10.27"]
[Round "6.2"]
[White "Lah, Emil"]
[Black "Marinko, Peter"]
[Result "1-0"]
[WhiteElo "1952"]
[BlackElo "2035"]
[PlyCount "113"]
[EventDate "2022.10.27"]
[WhiteTeam "SK TRZIN BUSCOTRADE"]
[BlackTeam "SK LJUBLJANA"]

1. e4 e5 2. Nf3 Nc6 3. Bc4 Nf6 4. d3 Bc5 5. O-O a6 6. c3 Ba7 7. Bb3 d6 8. h3 h6
9. Re1 O-O 10. Nbd2 Re8 11. Nf1 d5 12. Ng3 dxe4 13. dxe4 Qxd1 14. Bxd1 b5 15.
Be3 Bxe3 16. Rxe3 Bb7 17. Bc2 Rad8 18. Ree1 Rd7 19. Rad1 Red8 20. Rxd7 Rxd7 21.
Rd1 Rxd1+ 22. Bxd1 a5 23. a3 Ne8 24. Bc2 Nd6 25. Nd2 g6 26. b4 a4 27. Bd3 Ba6
28. f3 Nd8 29. Ngf1 Ne6 30. Ne3 c6 31. g3 Kf8 32. Ng4 Bb7 33. Nxe5 Ke7 34. Kf2
g5 35. Ng4 h5 36. Ne3 h4 37. gxh4 gxh4 38. Ng2 Bc8 39. f4 f6 40. Ke3 c5 41. f5
cxb4 42. cxb4 Ng5 43. Nxh4 Nxh3 44. Nhf3 Kd7 45. Bf1 Ng5 46. Nxg5 fxg5 47. Nf3
Nf7 48. Bxb5+ Kd6 49. Bxa4 g4 50. Ne1 Ne5 51. Bb3 Ba6 52. Kf4 Be2 53. a4 Nc6
54. b5 Nd4 55. e5+ Kc5 56. Ba2 g3 57. f6 1-0

[Event "23. OSREDNJA SLOVENSKA LIGA 2022"]
[Site "gostovanja"]
[Date "2022.10.27"]
[Round "6.3"]
[White "Sfiligoj, Anze"]
[Black "Krupenko, Peter"]
[Result "0-1"]
[WhiteElo "1716"]
[BlackElo "1928"]
[PlyCount "94"]
[EventDate "2022.10.27"]
[WhiteTeam "SK LJUBLJANA"]
[BlackTeam "SK TRZIN BUSCOTRADE"]

1. e4 e5 2. Nf3 Nf6 3. Nc3 Nc6 4. Bc4 Nxe4 5. Bxf7+ Kxf7 6. Nxe4 d5 7. Neg5+
Kg8 8. d3 h6 9. Nh3 Bg4 10. c3 e4 11. dxe4 Ne5 12. Nf4 g5 13. Nxd5 c6 14. Qb3
Nxf3+ 15. gxf3 Be6 16. c4 cxd5 17. cxd5 Bf7 18. f4 Qe7 19. f3 Rd8 20. Kf2 Rc8
21. Be3 gxf4 22. Bxf4 Qh4+ 23. Bg3 Qh3 24. Rhg1 Bc5+ 25. Ke2 Bxg1 26. Rxg1 Kh7
27. Qxb7 Qh5 28. Be5 Rhg8 29. Qxc8 Qxe5 30. Rxg8 Qxb2+ 31. Kd3 Bxg8 32. Qc7+
Kg6 33. Qg3+ Kf7 34. Qf4+ Kg7 35. Qg4+ Kh8 36. Qg6 Qa3+ 37. Kd4 Qb2+ 38. Ke3
Qxh2 39. Qf6+ Kh7 40. Qe7+ Kg6 41. d6 Qg1+ 42. Kd3 Qd1+ 43. Kc3 Qxf3+ 44. Kb4
Qf7 45. Qxf7+ Kxf7 46. Kc5 Ke8 47. Kc6 Bxa2 0-1

[Event "23. OSREDNJA SLOVENSKA LIGA 2022"]
[Site "gostovanja"]
[Date "2022.10.27"]
[Round "6.4"]
[White "Rojs, Lan Aleksander"]
[Black "Gerden, Tomaz"]
[Result "1-0"]
[WhiteElo "1500"]
[BlackElo "1000"]
[PlyCount "77"]
[EventDate "2022.10.27"]
[WhiteTeam "SK TRZIN BUSCOTRADE"]
[BlackTeam "SK LJUBLJANA"]

1. d4 d5 2. c4 e6 3. Nc3 Nf6 4. Bf4 a6 5. e3 Be7 6. Nf3 O-O 7. Bd3 Nbd7 8. cxd5
Nxd5 9. Bg3 N7f6 10. O-O Bd7 11. Rc1 Rc8 12. Ne4 c6 13. Nc5 Rb8 14. Bxb8 Bxc5
15. Bg3 Be7 16. Qb3 Bc8 17. h3 Bd6 18. Bxd6 Qxd6 19. e4 Nxe4 20. Bxe4 Qf4 21.
Bxd5 exd5 22. Qe3 Qc7 23. Rfe1 Bd7 24. Qe7 Qc8 25. Ne5 Be6 26. Qh4 f6 27. Nd3
b6 28. Re3 Bd7 29. Rce1 Re8 30. Qg3 Rxe3 31. Rxe3 Kf8 32. Qd6+ Kg8 33. Re7 Bf5
34. Qg3 Qf8 35. Rb7 Bc8 36. Rb8 Qd8 37. Ra8 Qd7 38. Qb8 Qb7 39. Qxb7 1-0

[Event "23. OSREDNJA SLOVENSKA LIGA 2022"]
[Site "gostovanja"]
[Date "2022.10.27"]
[Round "6.1"]
[White "Perme, Martin"]
[Black "Hribar, Janez"]
[Result "1/2-1/2"]
[WhiteElo "1710"]
[BlackElo "1897"]
[PlyCount "36"]
[EventDate "2022.10.27"]
[WhiteTeam "SK KOMENDA POPOTNIK"]
[BlackTeam "SD CRNI GRABEN"]

1. e4 Nf6 2. e5 Nd5 3. c4 Nb6 4. d4 d6 5. exd6 cxd6 6. Nc3 Bf5 7. Nf3 e6 8. b3
Be7 9. Bb2 O-O 10. Bd3 Bxd3 11. Qxd3 Nc6 12. O-O d5 13. cxd5 Nxd5 14. Ne4 Nf6
15. Rad1 Qd5 16. Nc3 Qh5 17. Qb5 Qxb5 18. Nxb5 a6 1/2-1/2

[Event "23. OSREDNJA SLOVENSKA LIGA 2022"]
[Site "gostovanja"]
[Date "2022.10.27"]
[Round "6.2"]
[White "Skok, Boris"]
[Black "Zidar, Jernej"]
[Result "1/2-1/2"]
[WhiteElo "1897"]
[BlackElo "1665"]
[PlyCount "42"]
[EventDate "2022.10.27"]
[WhiteTeam "SD CRNI GRABEN"]
[BlackTeam "SK KOMENDA POPOTNIK"]

1. d4 d5 2. c4 c6 3. Nf3 Nf6 4. e3 Nbd7 5. Nc3 e6 6. Qc2 b6 7. Be2 Bb7 8. O-O
Be7 9. b3 O-O 10. Rd1 Qc7 11. Bb2 Rac8 12. Rac1 Rfd8 13. Qb1 Qb8 14. cxd5 Nxd5
15. Nxd5 cxd5 16. Bd3 h6 17. Rc2 Rxc2 18. Qxc2 Rc8 19. Qe2 Qc7 20. h3 Bd6 21.
g3 Nf6 1/2-1/2

[Event "23. OSREDNJA SLOVENSKA LIGA 2022"]
[Site "gostovanja"]
[Date "2022.10.27"]
[Round "6.3"]
[White "More, Erlend"]
[Black "Majcen, Zoran"]
[Result "0-1"]
[WhiteElo "1615"]
[BlackElo "1816"]
[PlyCount "64"]
[EventDate "2022.10.27"]
[WhiteTeam "SK KOMENDA POPOTNIK"]
[BlackTeam "SD CRNI GRABEN"]

1. d4 d5 2. c4 e5 3. dxe5 d4 4. Nf3 c5 5. e3 Nc6 6. exd4 cxd4 7. h3 Bc5 8. Bd3
Qc7 9. O-O Nge7 10. Re1 Ng6 11. a3 a5 12. Nbd2 O-O 13. Nb3 Ncxe5 14. Nxe5 Nxe5
15. Bxh7+ Kxh7 16. Qh5+ Kg8 17. Qxe5 Bd6 18. Qxd4 Rd8 19. Qh4 Be6 20. Bg5 Rdc8
21. Nd4 Bxc4 22. Nf5 Bf8 23. Ne7+ Bxe7 24. Rxe7 Qb6 25. Rae1 Qxb2 26. R1e4 Bd3
27. Rd4 Rd8 28. Bf6 Rxd4 29. Bxd4 Qc1+ 30. Kh2 Bg6 31. Rxb7 Qxa3 32. Bxg7 Qd6+
0-1

[Event "23. OSREDNJA SLOVENSKA LIGA 2022"]
[Site "gostovanja"]
[Date "2022.10.27"]
[Round "6.4"]
[White "Erazem, Franc"]
[Black "Ojstersek, Peter"]
[Result "1/2-1/2"]
[WhiteElo "1485"]
[BlackElo "1605"]
[PlyCount "59"]
[EventDate "2022.10.27"]
[WhiteTeam "SD CRNI GRABEN"]
[BlackTeam "SK KOMENDA POPOTNIK"]

1. e4 c6 2. Bc4 d5 3. exd5 cxd5 4. Bb5+ Bd7 5. Bxd7+ Qxd7 6. d3 Nc6 7. Ne2 Nf6
8. O-O e6 9. c3 Bd6 10. Ng3 Qc7 11. f4 O-O 12. Nh5 Nxh5 13. Qxh5 f5 14. d4 Rf6
15. Nd2 Bxf4 16. Nf3 Bxc1 17. Raxc1 Raf8 18. Rce1 Rh6 19. Qg5 Rff6 20. Ne5 Nxe5
21. Rxe5 Rfg6 22. Qf4 Rg4 23. Qf3 Rgh4 24. h3 Qf7 25. Rfe1 f4 26. Rg5 Rg6 27.
Ree5 Rxg5 28. Rxg5 Qf6 29. Rg4 Rxg4 30. Qxg4 1/2-1/2

[Event "23. OSREDNJA SLOVENSKA LIGA 2022"]
[Site "gostovanja"]
[Date "2022.10.27"]
[Round "6.1"]
[White "Markun, Ozbej"]
[Black "Plaskan, Jure"]
[Result "0-1"]
[WhiteElo "1986"]
[BlackElo "2217"]
[PlyCount "90"]
[EventDate "2022.10.27"]
[WhiteTeam "SS TOMO ZUPAN KRANJ"]
[BlackTeam "SD DOMZALE"]

1. b4 d5 2. Bb2 Bg4 3. Nf3 Nd7 4. a3 Ngf6 5. e3 e5 6. h3 Bxf3 7. Qxf3 Bd6 8. c4
c6 9. Qd1 Qe7 10. Be2 Rd8 11. O-O dxc4 12. Bxc4 e4 13. Qe2 Ne5 14. Bd4 g5 15.
d3 b5 16. Bb3 exd3 17. Qb2 g4 18. Nd2 gxh3 19. g3 Rg8 20. Kh1 Nh5 21. Rae1 Rxg3
22. Ne4 Nc4 23. Nxd6+ Rxd6 24. Bxc4 Qe4+ 25. f3 Rg2 26. Bxf7+ Kd8 27. Bxh5 Qh4
28. Bf6+ Rxf6 29. Qd4+ Qxd4 30. exd4 d2 31. Rd1 Rf4 32. Bg4 Re2 33. Rg1 Ke7 34.
Bc8 Kd6 35. Rgf1 Kd5 36. Bd7 h2 37. Bh3 Kxd4 38. Bg2 Ke3 39. Rb1 {(=)} Rd4 40.
Rbd1 Rf2 41. Kxh2 Rxf1 42. Bxf1 Kf2 43. Kh3 Kxf3 44. Kh2 Kf2 45. Kh3 h6 0-1

[Event "23. OSREDNJA SLOVENSKA LIGA 2022"]
[Site "gostovanja"]
[Date "2022.10.27"]
[Round "6.2"]
[White "Markosek, Bine"]
[Black "Orel Music, Simona"]
[Result "1-0"]
[WhiteElo "1641"]
[BlackElo "1941"]
[PlyCount "115"]
[EventDate "2022.10.27"]
[WhiteTeam "SD DOMZALE"]
[BlackTeam "SS TOMO ZUPAN KRANJ"]

1. e4 c6 2. d4 d5 3. exd5 cxd5 4. Bd3 Nf6 5. c3 Bg4 6. Qb3 Qc8 7. Bf4 Nc6 8.
Nd2 e6 9. Ngf3 Be7 10. O-O O-O 11. Rfe1 Re8 12. Ne5 Nxe5 13. Bxe5 Bh5 14. h3 a6
15. c4 dxc4 16. Nxc4 Nd5 17. Be4 Qd7 18. Bxd5 Qxd5 19. Qg3 f6 20. Nb6 Qd8 21.
Bc7 Qxd4 22. Nxa8 Rxa8 23. Qe3 Qxe3 24. Rxe3 e5 25. Bxe5 Bc5 26. Rc3 b6 27. Bg3
Re8 28. Rac1 Re2 29. R3c2 Re8 30. a3 a5 31. Kh2 Bg6 32. Rd2 h5 33. Rcd1 Kh7 34.
Bd6 Rc8 35. Bxc5 Rxc5 36. Rd6 b5 37. R6d5 Rxd5 38. Rxd5 Be8 39. Kg3 g5 40. f4
Kg6 41. fxg5 fxg5 42. Kf2 Kf6 43. Ke3 a4 44. Kd4 g4 45. hxg4 hxg4 46. Kc5 Bf7
47. Rd4 Kg5 48. Kxb5 Bb3 49. g3 Kf5 50. Rxa4 Bxa4+ 51. Kxa4 Ke4 52. b4 Kf3 53.
b5 Kxg3 54. b6 Kf2 55. b7 g3 56. b8=Q g2 57. Qh2 Kf1 58. Kb5 1-0